000 00368 a2200169 4500
001 58719
020 _a8526236334
040 _cAnchieta - Pituba
100 _aCabrini, Conceição
240 1 0 _aHistória temática
_lpor
245 1 0 _aHistória temática
300 _a168
362 0 _a2001
440 1 _aScipione
650 4 _aHistória do mundo
942 _cBK
999 _c58719
_d58719